Eastern Utah Libraries Catalog: Duchesne, Heber, Roosevelt, & Vernal

Dragón y sus labores / (Record no. 369477)

MARC details
000 -LEADER
fixed length control field 02585cam a2200505 a 4500
001 - CONTROL NUMBER
control field 276937396
003 - CONTROL NUMBER IDENTIFIER
control field OCoLC
005 - DATE AND TIME OF LATEST TRANSACTION
control field 20220119151856.0
008 - FIXED-LENGTH DATA ELEMENTS--GENERAL INFORMATION
fixed length control field 081203s2021 nyua j 000 1 spa
020 ## - INTERNATIONAL STANDARD BOOK NUMBER
International Standard Book Number 0545091608
020 ## - INTERNATIONAL STANDARD BOOK NUMBER
International Standard Book Number 9780545091602
020 ## - INTERNATIONAL STANDARD BOOK NUMBER
International Standard Book Number 9781338767513
Qualifying information (paperback)
020 ## - INTERNATIONAL STANDARD BOOK NUMBER
International Standard Book Number 1338767518
Qualifying information (paperback)
035 ## - SYSTEM CONTROL NUMBER
System control number (OCoLC)276937396
040 ## - CATALOGING SOURCE
Original cataloging agency JQR
Language of cataloging eng
Transcribing agency JQR
Modifying agency OCLCA
-- OCLCQ
-- MZ3
-- OCLCA
-- OCLCF
-- JDP
-- OCLCO
-- IMF
-- OQX
-- OCLCO
Description conventions rda
041 1# - LANGUAGE CODE
Language code of text/sound track or separate title spa
Language code of original and/or intermediate translations of text eng
082 04 - DEWEY DECIMAL CLASSIFICATION NUMBER
Classification number 813
092 ## - LOCALLY ASSIGNED DEWEY CALL NUMBER (OCLC)
Classification number Spanish junior fiction
Item number Pilkey
100 1# - MAIN ENTRY--PERSONAL NAME
Personal name Pilkey, Dav,
Dates associated with a name 1966-
9 (RLIN) 26901
240 10 - UNIFORM TITLE
Uniform title <a href="Dragon gets by.">Dragon gets by.</a>
Language of a work Spanish
245 10 - TITLE STATEMENT
Title Dragón y sus labores /
Statement of responsibility, etc Dav Pilkey.
250 ## - EDITION STATEMENT
Edition statement Spanish edition.
264 #1 - Production, Publication, Distribution, Manufacture, and Copyright Notice.
Place of production, publication, distribution, manufacture New York, NY :
Name of producer, publisher, distributor, manufacturer Acorn/Scholastic Inc.,
Date of production, publication, distribution, manufacture, or copyr [2021]
264 #4 - Production, Publication, Distribution, Manufacture, and Copyright Notice.
Date of production, publication, distribution, manufacture, or copyr ℗♭2021.
300 ## - PHYSICAL DESCRIPTION
Extent 46 pages :
Other physical details color illustrations ;
Dimensions 18 cm.
336 ## - Content Type
Content type term text
337 ## - Media type
Media type term unmediated
338 ## - Carrier type
Carrier type term volume
490 1# - SERIES STATEMENT
Series statement Acorn.
490 1# - SERIES STATEMENT
Series statement Dragon.
500 ## - GENERAL NOTE
General note Translation of: Dragon gets by.
520 ## - SUMMARY, ETC.
Summary, etc Dragon is very responsible, but sometimes he makes mistakes. When he's tired, he accidentally reads an egg and fries his morning newspaper! When he sweeps his dirt floor, he can't seem to sweep away all of the dirt and ends up sweeping a hole into the center of his living room! And when Dragon goes grocery shopping, he buys more food than he can fit into his car! Using his trademark humor and heart, Dav Pilkey illustrates the fun side of chores and responsibility.
520 ## - SUMMARY, ETC.
Summary, etc Drag©đn es muy responsable, pero a veces comete errores. Cuando est©Ł cansado, ℗Łpor accidente lee un huevo y fr©Ưe el peri©đdico de la ma©łana! Cuando barre el piso no es capaz de barrer todo el polvo y ℗Łtermina abriendo un hueco en la sala! Y cuando va al mercado ℗Łcompra m©Łs comida de la que le cabe en el auto! Con su humor y calidez caracter©Ưsticos , Dav Pilkey ilustra este lado divertido de las tareas dom©♭sticas y la responsabilidad.
546 ## - LANGUAGE NOTE
Language note Text in Spanish.
650 #0 - SUBJECT ADDED ENTRY--TOPICAL TERM
Topical term or geographic name as entry element Dragons
Form subdivision Juvenile fiction.
9 (RLIN) 5673921
650 #0 - SUBJECT ADDED ENTRY--TOPICAL TERM
Topical term or geographic name as entry element Day
Form subdivision Juvenile fiction.
9 (RLIN) 6406100
650 #0 - SUBJECT ADDED ENTRY--TOPICAL TERM
Topical term or geographic name as entry element Spanish language materials
Form subdivision Juvenile fiction.
9 (RLIN) 5680792
655 #7 - INDEX TERM--GENRE/FORM
Genre/form data or focus term Novelas juveniles.
Source of term tgfbne.
9 (RLIN) 6438747
655 #7 - INDEX TERM--GENRE/FORM
Genre/form data or focus term Fiction.
Source of term fast
9 (RLIN) 5673940
655 #7 - INDEX TERM--GENRE/FORM
Genre/form data or focus term Juvenile works.
Source of term fast
9 (RLIN) 5673941
655 #7 - INDEX TERM--GENRE/FORM
Genre/form data or focus term Fiction.
Source of term lcgft
9 (RLIN) 5673940
800 1# - SERIES ADDED ENTRY--PERSONAL NAME
Personal name Pilkey, Dav,
Dates associated with a name 1966-
Title of a work Dragon.
Language of a work Spanish.
9 (RLIN) 6408648
830 #0 - SERIES ADDED ENTRY--UNIFORM TITLE
Uniform title Acorn (Scholastic Inc.).
Language of a work Spanish.
9 (RLIN) 6400928
942 ## - ADDED ENTRY ELEMENTS (KOHA)
Source of classification or shelving scheme Dewey Decimal Classification
Koha item type BOOK
Holdings
Withdrawn status Lost status Source of classification or shelving scheme Damaged status Not for loan Collection code Home library Current library Shelving location Date acquired Source of acquisition Total Checkouts Total Renewals Full call number Barcode Date last seen Date checked out Cost, replacement price Price effective from Koha item type
    Dewey Decimal Classification     Spanish Junior Fiction Wasatch County Library Wasatch County Library First Floor 01/19/2022 Rainbow Books 4 3 J Pilkey 34301001835331 10/22/2025 07/15/2025 13.95 01/19/2022 BOOK
    Dewey Decimal Classification     Spanish Junior Fiction Wasatch County Library Wasatch County Library First Floor 01/19/2022 Penworthy 6 6 J Pilkey 34301001835356 11/21/2025 11/12/2025 15.46 01/19/2022 BOOK
This project was made possible through a grant from the Institute of Museum and Library Service administered by the Utah State Library Division.

Wasatch County Library

  • 465 East 1200 South, Heber City, Utah 84032
  • Phone 435-654-1511 | Fax 435-654-6456

Hours

  • Monday - Friday 9:30 AM - 8:00 PM
  • Saturday 9:30 AM - 1:30 PM
  • Closed Sundays and Holidays